កុំមាត់ ( 2 ) / (Record no. 10161)
[ view plain ]
| 000 -LEADER | |
|---|---|
| fixed length control field | 01657nam a22002297a 4500 |
| 001 - CONTROL NUMBER | |
| control field | 10161 |
| 003 - CONTROL NUMBER IDENTIFIER | |
| control field | FISKH |
| 005 - DATE AND TIME OF LATEST TRANSACTION | |
| control field | 20260430114033.0 |
| 008 - FIXED-LENGTH DATA ELEMENTS--GENERAL INFORMATION | |
| fixed length control field | 260430b cb ||||| |||| 00| 0 eng d |
| 020 ## - INTERNATIONAL STANDARD BOOK NUMBER | |
| International Standard Book Number | 9789924342069 |
| 040 ## - CATALOGING SOURCE | |
| Original cataloging agency | FISKH |
| Language of cataloging | khr |
| Transcribing agency | FISKH |
| Modifying agency | FISKH |
| 082 ## - DEWEY DECIMAL CLASSIFICATION NUMBER | |
| Classification number | 741.5 |
| 100 ## - MAIN ENTRY--PERSONAL NAME | |
| Personal name | Vorniere , Yoann |
| 245 ## - TITLE STATEMENT | |
| Title | កុំមាត់ ( 2 ) / |
| Statement of responsibility, etc. | By Yoann Vorniere |
| 260 ## - PUBLICATION, DISTRIBUTION, ETC. | |
| Place of publication, distribution, etc. | Phnom Penh : |
| Name of publisher, distributor, etc. | Sipar , |
| Date of publication, distribution, etc. | 2024 . |
| 300 ## - PHYSICAL DESCRIPTION | |
| Extent | 192 unnumbered pages : |
| Other physical details | illustrations ; |
| Dimensions | 19 cm . |
| 490 ## - SERIES STATEMENT | |
| Series statement | Manga |
| Volume/sequential designation | 2 |
| 520 ## - SUMMARY, ETC. | |
| Summary, etc. | The mysterious citadel represents the only chance for Vuth and his companions to be able to survive. The path to Mount Choeung Ka Ek is perilous with thethreat of monsters. But it becomes more complicated with the presence of the group of individuals who are<br/>looking for Chan. |
| 520 ## - SUMMARY, ETC. | |
| Summary, etc. | បន្ទាយអាថ៌កំបាំងនេះ គឺជាឱកាសតែមួយគត់សម្រាប់ វុធ និងមិត្តរួមដំណើររបស់គេ ដើម្បីអាចរស់រានមានជីវិតបាន។<br/>ផ្លូវទៅកាន់ភ្នំជើងឯកពោរពេញដោយគ្រោះថ្នាក់ ព្រោះមានការគំរាមកំហែងពីសត្វចម្លែក។ ប៉ុន្តែវាកាន់តែស្មុគស្មាញឡើងទៀត ដោយសារតែវត្តមានរបស់ក្រុមមនុស្សមួយក្រុមដែលកំពុងតាមស្វែងរក ចាន់។ |
| 942 ## - ADDED ENTRY ELEMENTS (KOHA) | |
| Source of classification or shelving scheme | Dewey Decimal Classification |
| Koha item type | Khmer Books |
| Suppress in OPAC | No |
| Withdrawn status | Lost status | Source of classification or shelving scheme | Damaged status | Not for loan | Collection | Home library | Current library | Shelving location | Date acquired | Total Checkouts | Full call number | Barcode | Date last seen | Price effective from | Koha item type |
|---|---|---|---|---|---|---|---|---|---|---|---|---|---|---|---|
| Dewey Decimal Classification | Khmer Language Books / សៀវភៅភាសាខ្មែរ | Footprints International School Library Network Toul Tom Poung Campus | Footprints International School Library Network Toul Tom Poung Campus | TTP Secondary Khmer Bookshelves | 04/30/2026 | VOR 741.5 | 2026-0552 | 04/30/2026 | 04/30/2026 | Khmer Books |
